01182nam a2200229Ia 4500008004100000020001500041041001200056082001600068100001800084245006000102250000800162260004800170300000800218650000700226700001300233942000700246999001500253952017100268952017100439952017100610952017100781221030s9999 xx 000 0 und d a8122411924 aEnglish a105.23bNag aI. J. Nagrath 0aControl Systems Engineeringcby I. J. Nagrath, M. Gopal a3rd bNew Age International Pub.aNew Delhic2001 a826 aEE aM. Gopal cBK c7567d7567 pBE 4209g826.00l0o105.23 Nagr2024-06-13 00:00:00w2022-10-30yBK003Print4070aMIETLIBbMIETLIBcBL-Academic Block C, FL-2, CUP-32, SH-4, R-4d2001-10-2310HBE pBE 4210g240.00l0o105.23 Nagr2024-06-13 00:00:00w2022-10-30yBK003Print4070aMIETLIBbMIETLIBcBL-Academic Block C, FL-2, CUP-32, SH-4, R-4d2001-10-2310HBE pBE 4211g240.00l0o105.23 Nagr2024-06-13 00:00:00w2022-10-30yBK003Print4070aMIETLIBbMIETLIBcBL-Academic Block C, FL-2, CUP-32, SH-4, R-4d2001-10-2310HBE pBE 4213g240.00l0o105.23 Nagr2024-06-13 00:00:00w2022-10-30yBK003Print4070aMIETLIBbMIETLIBcBL-Academic Block C, FL-2, CUP-32, SH-4, R-4d2001-10-2310HBE